金田一少年の事件簿 事件ファイル - Statistics

General Stats
  • This quiz has been taken 21 times
  • The average score is 23 of 98
Answer Stats
シリーズ ファイル 事件名 % Correct
Fileシリーズ File1 オペラ座館殺人事件
75%
File4 学園七不思議殺人事件
69%
File10 金田一少年の殺人
69%
File2 異人館村殺人事件
63%
File6 悲恋湖殺人事件
63%
File16 黒死蝶殺人事件
63%
File3 雪夜叉伝説殺人事件
56%
File9 飛騨からくり屋敷殺人事件
56%
Case7(File26) 金田一少年の決死行
56%
(File29) 獄門塾殺人事件
56%
File7 異人館ホテル殺人事件
50%
File8 首吊り学園殺人事件
50%
File12 蝋人形城殺人事件
50%
File13 怪盗紳士の殺人
50%
File15 魔術列車殺人事件
50%
Caseシリーズ Case1(File20) 魔犬の森の殺人
50%
(File32) 剣持警部の殺人
50%
薔薇十字館殺人事件
50%
File5 秘宝島殺人事件
44%
File11 タロット山荘殺人事件
44%
File14 墓場島殺人事件
44%
(File34) ゲームの館殺人事件
44%
電脳山荘殺人事件
44%
File17 仏蘭西銀貨殺人事件
38%
File19 速水玲香誘拐殺人事件
38%
Caseシリーズ Case2(File21) 銀幕の殺人鬼
38%
Case4(File23) 雪影村殺人事件
38%
(File33) 錬金術殺人事件
38%
Case5(File24) 露西亜人形殺人事件
31%
第Ⅱ期 (File28) オペラ座館・第三の殺人
31%
(File31) 黒魔術殺人事件
31%
20周年記念シリーズ 人喰い研究所殺人事件
31%
狐火流し殺人事件
31%
上海魚人伝説殺人事件
31%
File18 魔神遺跡殺人事件
25%
Case3(File22) 天草財宝伝説殺人事件
25%
第Ⅱ期 (File27) 吸血鬼伝説殺人事件
25%
人形島殺人事件
25%
鬼火島殺人事件
25%
殺戮のディープブルー
25%
Case6(File25) 怪奇サーカスの殺人
19%
(File30) 雪霊伝説殺人事件
19%
20周年記念シリーズ 香港九龍財宝殺人事件
19%
R(リターンズ) 雪鬼伝説殺人事件
19%
蟻地獄壕殺人事件
19%
黒霊ホテル殺人事件
19%
金田一二三誘拐殺人事件
19%
金田一フミ誘拐事件
19%
血溜之間殺人事件
19%
暗黒城殺人事件
19%
小説版 オペラ座館・新たなる殺人
19%
小説版 幽霊客船殺人事件
19%
雷祭殺人事件
19%
吸血桜殺人事件
13%
白蛇蔵殺人事件
13%
聖恋島殺人事件
13%
Short File 誰が女神を殺したか?
13%
フィルムの中のアリバイ
13%
騒霊館殺人事件
13%
高度1万メートルの殺人
13%
Short File 氷点下15度の殺意
13%
R(リターンズ) 亡霊校舎の殺人
6%
30th 八咫烏村殺人事件
6%
30th 鬼戸・墓獅子伝説殺人事件
6%
聖なる夜の殺人
6%
鏡迷宮の殺人
6%
金田一フミの冒険
6%
殺人レストラン
6%
亡霊学校殺人事件
6%
瞬間消失の謎
6%
妖刀毒蜂殺人事件
6%
怪盗紳士からの挑戦状
6%
不動高校学園祭殺人事件
6%
金田一37歳の事件簿 タワマンマダム殺人事件
6%
京都美人華道家殺人事件
6%
函館異人館ホテル新たなる殺人
6%
金田一パパの事件簿 私立探偵殺人事件
6%
邪宗館殺人事件
6%
金田一少年の悪夢
6%
午前04︰40の銃声
6%
1/2の殺人者
6%
中学生 キャンプ場での"怪"事件
6%
小説短編 共犯者X
6%
血染めプールの殺人
0%
女医の奇妙な企み
0%
速水玲香と招かれざる客
0%
なぜ暖炉は燃えていたか?
0%
怪盗紳士の挨拶
0%
中学生 飛込プールの悪霊
0%
金田一37歳の事件簿 歌島リゾート殺人事件
0%
綾瀬連続殺人事件
0%
殺人二十面相
0%
人狼ゲーム殺人事件
0%
首なしスキーヤー殺人事件
0%
天空の密室殺人事件
0%
小説短編 迷い込んできた悪魔
0%
旅の途中
0%
白銀に消えた身代金
0%
No matching quizzes found
Score Distribution
Percent of People with Each Score
Percentile by Number Answered
Your Score History
You have not taken this quiz